[Event "4NCL/Div3/AMCAR vs. LIT3"]
[Site "Hinckley Island ENG"]
[Date "2008.12.07"]
[Round "4.4"]
[White "Booley, Graham"]
[Black "Periasamymanjula, Mani"]
[Result "0-1"]
[WhiteElo "1925"]
[BlackElo "1704"]
[PlyCount "64"]
[EventDate "2008.12.07"]
[SourceDate "2008.10.04"]

1. e4 e5 2. Nf3 Nc6 3. Bb5 a6 4. Ba4 b5 5. Bb3 Nf6 6. Qe2 Bc5 7. c3 O-O 8. d3
d5 9. O-O Bg4 10. exd5 Nxd5 11. Qe4 Bxf3 12. Qxf3 Nde7 13. Bg5 Qd6 14. Nd2 Qg6
15. Ne4 Bb6 16. h4 h6 17. Be3 Na5 18. Bc2 f5 19. Nd2 Kh8 20. Bxb6 cxb6 21. Rfe1
Nac6 22. Re2 Qd6 23. Rd1 Ng6 24. Qg3 Nf4 25. Ree1 Rf6 26. Qf3 g5 27. d4 exd4
28. cxd4 g4 29. Qc3 Nxd4 30. Ne4 Nfe2+ 31. Rxe2 Nxe2+ 32. Kh1 Qxd1+ 0-1

[Event "4NCL/Div3/AMCAR vs. LIT3"]
[Site "Hinckley Island ENG"]
[Date "2008.12.07"]
[Round "4.5"]
[White "Andreev, Peter"]
[Black "Venmore-Rowland, Edward"]
[Result "0-1"]
[WhiteElo "1765"]
[BlackElo "1840"]
[PlyCount "74"]
[EventDate "2008.12.07"]
[SourceDate "2008.10.04"]

1. Nf3 Nf6 2. g3 g6 3. Bg2 Bg7 4. O-O O-O 5. d3 c6 6. Nbd2 d5 7. e4 Nbd7 8. a4
e5 9. h3 a5 10. Nh4 Nb6 11. f4 exf4 12. g4 Nxg4 13. hxg4 Bd4+ 14. Rf2 Bxf2+ 15.
Kxf2 Qxh4+ 16. Kg1 Bxg4 17. Nf3 Qg3 18. Bd2 dxe4 19. dxe4 Nc4 20. Be1 Bxf3 21.
Qxf3 Qxf3 22. Bxf3 Ne3 23. Rc1 Rfd8 24. Bh4 Rd2 25. c4 h6 26. Bf6 Rc2 27. Rxc2
Nxc2 28. c5 Ne3 29. Kf2 Re8 30. b3 g5 31. e5 Nd5 32. Bxd5 cxd5 33. Kf3 Kf8 34.
Ke2 Rc8 35. Kd3 Rxc5 36. Kd4 Rc1 37. Kxd5 f3 0-1

[Event "4NCL/Div3/AMCAR vs. LIT3"]
[Site "Hinckley Island ENG"]
[Date "2008.12.07"]
[Round "4.6"]
[White "Harrison, Peter K"]
[Black "Jerzynek, Neil"]
[Result "1/2-1/2"]
[WhiteElo "1669"]
[BlackElo "1760"]
[PlyCount "75"]
[EventDate "2008.12.07"]
[SourceDate "2008.10.04"]

1. d4 e6 2. c4 f5 3. Nf3 Nf6 4. Nc3 c6 5. e3 d5 6. cxd5 exd5 7. Bd3 Bd6 8. Ne5
O-O 9. f4 Be6 10. Bd2 Nbd7 11. Qc2 Ne4 12. Nxe4 fxe4 13. Be2 Rc8 14. Qa4 a6 15.
Rc1 c5 16. O-O Nxe5 17. dxe5 Be7 18. g4 g6 19. Bc3 Bd7 20. Qb3 Bc6 21. Qd1 Bb5
22. Bxb5 axb5 23. f5 gxf5 24. gxf5 b4 25. Bxb4 cxb4 26. Rxc8 Qxc8 27. Qxd5+ Kh8
28. Qxe4 Qc6 29. Qxc6 bxc6 30. e4 Bc5+ 31. Kh1 Bd4 32. e6 Bxb2 33. e7 Re8 34.
f6 Bxf6 35. Rxf6 Rxe7 36. Rxc6 Rxe4 37. Rc2 Kg7 38. Kg2 1/2-1/2

[Event "4NCL/Div3/KJCAK vs. AMCAD"]
[Site "Daventry ENG"]
[Date "2009.05.02"]
[Round "9.1"]
[White "Jones, William"]
[Black "Webb, Richard M"]
[Result "1/2-1/2"]
[WhiteElo "2025"]
[BlackElo "2268"]
[PlyCount "60"]
[EventDate "2009.05.02"]
[EventCountry "ENG"]
[SourceDate "2008.10.04"]

1. e4 c5 2. Nf3 d6 3. d4 cxd4 4. Nxd4 Nf6 5. Nc3 g6 6. Be3 Bg7 7. f3 O-O 8. Qd2
Nc6 9. Bc4 Bd7 10. h4 Rc8 11. Bb3 Ne5 12. O-O-O Nc4 13. Bxc4 Rxc4 14. h5 Nxh5
15. g4 Nf6 16. Kb1 Re8 17. Nd5 e5 18. Nf5 gxf5 19. gxf5 Nxd5 20. Qxd5 Rd4 21.
Bxd4 exd4 22. Qxd6 Bc6 23. Qh2 h6 24. Rdg1 Qf6 25. Qxh6 Qxh6 26. Rxh6 Kf8 27.
Rd6 Be5 28. Rh6 Bg7 29. Rd6 Be5 30. Rh6 Bg7 1/2-1/2

[Event "4NCL/Div3/KJCAK vs. AMCAD"]
[Site "Daventry ENG"]
[Date "2009.05.02"]
[Round "9.2"]
[White "Purdon, Colin"]
[Black "Bayliss, Lyall C P"]
[Result "1/2-1/2"]
[WhiteElo "2096"]
[BlackElo "1971"]
[PlyCount "61"]
[EventDate "2009.05.02"]
[EventCountry "ENG"]
[SourceDate "2008.10.04"]

1. d4 Nf6 2. c4 g6 3. Nc3 d5 4. Bf4 c6 5. e3 Bg7 6. Nf3 O-O 7. h3 Nbd7 8. Be2
dxc4 9. Bxc4 Nb6 10. Bb3 Nfd5 11. Be5 Bxe5 12. Nxe5 Nxc3 13. bxc3 Nd5 14. Rc1
f6 15. Nd3 Kg7 16. O-O b6 17. c4 Nc7 18. Qe2 Be6 19. Rfd1 Bg8 20. Qb2 Qd7 21.
e4 Rad8 22. d5 e5 23. Ba4 b5 24. dxc6 Qd4 25. Qxd4 Rxd4 26. Bxb5 a6 27. Ba4
Bxc4 28. Nb2 Bxa2 29. Rxd4 exd4 30. Nd3 Rb8 31. Kf1 1/2-1/2

[Event "4NCL/Div3/KJCAK vs. AMCAD"]
[Site "Daventry ENG"]
[Date "2009.05.02"]
[Round "9.3"]
[White "Jones, Victor"]
[Black "Bonafont, Philip"]
[Result "1-0"]
[WhiteElo "2005"]
[BlackElo "2097"]
[PlyCount "59"]
[EventDate "2009.05.02"]
[EventCountry "ENG"]
[SourceDate "2008.10.04"]

1. e4 c5 2. Nf3 d6 3. d4 cxd4 4. Nxd4 Nf6 5. Nc3 a6 6. Be3 e5 7. Nb3 Be6 8. Qd2
Nbd7 9. f3 b5 10. g4 Nb6 11. g5 Nh5 12. Na5 b4 13. Nd5 Nxd5 14. exd5 Qxa5 15.
dxe6 fxe6 16. a3 d5 17. Bh3 Kf7 18. Bg4 g6 19. O-O Bc5 20. Bxh5 gxh5 21. f4 e4
22. f5 Bxe3+ 23. Qxe3 e5 24. Qh3 Rhf8 25. Qxh5+ Kg8 26. f6 Ra7 27. Kh1 e3 28.
g6 hxg6 29. Qxg6+ Kh8 30. f7 1-0

[Event "4NCL/Div3/KJCAK vs. AMCAD"]
[Site "Daventry ENG"]
[Date "2009.05.02"]
[Round "9.4"]
[White "Norman, Kenneth I"]
[Black "Lunn, Matt"]
[Result "1-0"]
[WhiteElo "2174"]
[BlackElo "1912"]
[PlyCount "69"]
[EventDate "2009.05.02"]
[EventCountry "ENG"]
[SourceDate "2008.10.04"]

1. Nf3 Nf6 2. g3 g6 3. b3 Bg7 4. Bb2 O-O 5. Bg2 c5 6. c4 Nc6 7. Nc3 Rb8 8. O-O
Ne8 9. Qc1 e5 10. Ne1 Nc7 11. Nc2 Re8 12. Ne3 d6 13. Ned5 Nxd5 14. Nxd5 Ne7 15.
d3 Nxd5 16. Bxd5 Be6 17. e4 Bxd5 18. cxd5 b5 19. f4 Bh6 20. Qe1 exf4 21. gxf4
f5 22. Qc3 Kf7 23. Rae1 b4 24. Qc4 Qh4 25. e5 Rbd8 26. e6+ Kf8 27. Re2 Re7 28.
d4 Rc8 29. Qa6 Rd8 30. dxc5 Bxf4 31. Qc4 Bg5 32. cxd6 Rxd6 33. Qc5 Bf4 34. Ref2
Qg5+ 35. Kh1 1-0

[Event "4NCL/Div3/KJCAK vs. AMCAD"]
[Site "Daventry ENG"]
[Date "2009.05.02"]
[Round "9.5"]
[White "Gahir, Jasdeep"]
[Black "Hart, David"]
[Result "0-1"]
[WhiteElo "1872"]
[BlackElo "2029"]
[PlyCount "76"]
[EventDate "2009.05.02"]
[EventCountry "ENG"]
[SourceDate "2008.10.04"]

1. e4 c5 2. Nc3 Nc6 3. f4 g6 4. Nf3 Bg7 5. Bc4 e6 6. O-O Nge7 7. d3 O-O 8. Qe1
d5 9. Bb3 Nd4 10. Qh4 Nxb3 11. axb3 Nc6 12. Qxd8 Rxd8 13. Na4 b6 14. Nxb6 Rb8
15. Na4 dxe4 16. dxe4 Nd4 17. Nxd4 Bxd4+ 18. Kh1 Ba6 19. Rd1 Bb7 20. Bd2 Bxe4
21. Ba5 Rdc8 22. Rd2 Bc6 23. Bc3 Be3 24. Rd3 Bxf4 25. Rad1 Bb5 26. Rf3 Be2 27.
Rxf4 Bxd1 28. Be5 Rb4 29. Rf2 Re4 30. Bc3 c4 31. b4 Rd8 32. Nc5 Re2 33. Rf4
Bxc2 34. h3 Bd3 35. Bf6 Rd5 36. Bc3 f5 37. Rh4 e5 38. Ne6 Be4 0-1

[Event "4NCL/Div3/KJCAK vs. AMCAD"]
[Site "Daventry ENG"]
[Date "2009.05.02"]
[Round "9.6"]
[White "Duvall, Ian"]
[Black "Maguire, Robert"]
[Result "1-0"]
[WhiteElo "2057"]
[BlackElo "1702"]
[PlyCount "107"]
[EventDate "2009.05.02"]
[EventCountry "ENG"]
[SourceDate "2008.10.04"]

1. d4 Nf6 2. c4 g6 3. Nc3 Bg7 4. e4 d6 5. f3 O-O 6. Be3 e5 7. d5 Nh5 8. Qd2 f5
9. Bd3 f4 10. Bf2 Bh6 11. Nge2 Qg5 12. Rg1 Bd7 13. O-O-O Na6 14. Kb1 Nb4 15. a3
Nxd3 16. Qxd3 Rfb8 17. Rc1 Bf8 18. Nb5 Bxb5 19. cxb5 Rc8 20. Rc3 a6 21. h4 Qd8
22. Rgc1 Nf6 23. Qc2 Ne8 24. b6 Qd7 25. bxc7 Be7 26. Rc4 Bf6 27. Qc3 Qe7 28.
Qe1 Rxc7 29. Rxc7 Nxc7 30. Qa5 Ne8 31. Qb6 Rd8 32. Qa7 Rd7 33. Rc8 Kf7 34. Qb8
b5 35. Nc1 Rb7 36. Qa8 Rc7 37. Qxa6 Rxc8 38. Qxc8 Ng7 39. Qb8 Qd7 40. Nd3 Nh5
41. Nb4 Qd8 42. Qb7+ Qe7 43. Qxb5 Bxh4 44. Nc6 Qg5 45. Qb7+ Kg8 46. Qc8+ Kg7
47. Qd7+ Kh6 48. Bxh4 Qxh4 49. Qxd6 Qh1+ 50. Ka2 Qxg2 51. Nxe5 Ng3 52. Ng4+ Kh5
53. Qxf4 Ne2 54. Qh6# 1-0

[Event "4NCL/Div3/WRO2 vs. CAMB2"]
[Site "Daventry ENG"]
[Date "2009.05.02"]
[Round "9.1"]
[White "Chakravorty, Prasun"]
[Black "Cooley, Oliver"]
[Result "1/2-1/2"]
[WhiteElo "2105"]
[BlackElo "2134"]
[PlyCount "93"]
[EventDate "2009.05.02"]
[EventCountry "ENG"]
[SourceDate "2008.10.04"]

1. e4 d5 2. exd5 Qxd5 3. Nc3 Qa5 4. d4 Nf6 5. Nf3 c6 6. Bc4 Bf5 7. Ne5 e6 8.
O-O Bd6 9. Qe2 Nbd7 10. g4 Bg6 11. g5 Bh5 12. f3 Nxe5 13. dxe5 Bc5+ 14. Kh1 Nd5
15. Ne4 O-O-O 16. c3 Be7 17. b4 Qc7 18. Ng3 Bg6 19. Qe1 Nb6 20. Bb3 Bd3 21. Rf2
Nc4 22. Bf4 h6 23. gxh6 g5 24. Be3 Nxe5 25. Bd4 Bd6 26. Ne4 Bxe4 27. Qxe4 Rxh6
28. Rb1 f5 29. Qe2 Rdh8 30. c4 Ng4 31. fxg4 Rxh2+ 32. Kg1 Rh1+ 33. Kg2 R8h2+
34. Kf3 Rh3+ 35. Kg2 R3h2+ 36. Kf3 Rxf2+ 37. Bxf2 fxg4+ 38. Kg2 Rxb1 39. c5 Be5
40. Qxg4 Qg7 41. Qxe6+ Kd8 42. Bc2 Rb2 43. Bf5 Rd2 44. Qc8+ Ke7 45. Qe6+ Kf8
46. Qc8+ Kf7 47. Qe6+ 1/2-1/2

[Event "4NCL/Div3/WRO2 vs. CAMB2"]
[Site "Daventry ENG"]
[Date "2009.05.02"]
[Round "9.2"]
[White "Spencer, Carl"]
[Black "Arnott, Jonathan W"]
[Result "1/2-1/2"]
[WhiteElo "2136"]
[BlackElo "2119"]
[PlyCount "66"]
[EventDate "2009.05.02"]
[EventCountry "ENG"]
[SourceDate "2008.10.04"]

1. e4 e6 2. d4 d5 3. Nd2 c5 4. exd5 Qxd5 5. Ngf3 cxd4 6. Bc4 Qd8 7. O-O Nc6 8.
Nb3 a6 9. Nbxd4 Nxd4 10. Qxd4 Qxd4 11. Nxd4 Bc5 12. Nb3 Bd6 13. Be2 Ne7 14. Rd1
Be5 15. Bf3 Nc6 16. c3 Ke7 17. Be3 Bd6 18. Bxc6 bxc6 19. Bc5 Bxc5 20. Nxc5 Rd8
21. Rxd8 Kxd8 22. f4 Kc7 23. Kf2 Kb6 24. b4 Kb5 25. Nb3 Kc4 26. Rc1 Ra7 27. Ke3
Rd7 28. Na5+ Kb5 29. a4+ Kxa4 30. Nxc6 Kb3 31. Nd4+ Kc4 32. Kd2 Rd5 33. Re1 g5
1/2-1/2

[Event "4NCL/Div3/WRO2 vs. CAMB2"]
[Site "Daventry ENG"]
[Date "2009.05.02"]
[Round "9.3"]
[White "Shaw, Peter"]
[Black "Chan, Nevil"]
[Result "0-1"]
[WhiteElo "2126"]
[BlackElo "2095"]
[PlyCount "80"]
[EventDate "2009.05.02"]
[EventCountry "ENG"]
[SourceDate "2008.10.04"]

1. d4 Nc6 2. c4 e5 3. d5 Nce7 4. e4 Ng6 5. Nc3 Nf6 6. a3 Bc5 7. Bd3 Bd4 8. Nge2
c5 9. Nb5 d6 10. O-O O-O 11. h3 Ne8 12. Rb1 Qh4 13. Nbxd4 exd4 14. Ng3 Ne5 15.
Re1 g6 16. Bf1 Ng7 17. b4 b6 18. bxc5 bxc5 19. Bd2 f5 20. exf5 Bxf5 21. Nxf5
Rxf5 22. f4 Rxf4 23. Bxf4 Qxf4 24. Bd3 Rf8 25. Qe2 Qg3 26. Be4 Nh5 27. Rf1 Nf4
28. Qe1 Nxh3+ 29. Kh1 Rxf1+ 30. Qxf1 Nf2+ 31. Kg1 Neg4 32. Rb8+ Kg7 33. Rb7+
Kf6 34. Rxh7 Qe3 35. Rh3 Qxe4 36. Rf3+ Kg7 37. Rxf2 Qe3 38. Qe2 Qxf2+ 39. Qxf2
Nxf2 40. Kxf2 Kf6 0-1

[Event "4NCL/Div3/WRO2 vs. CAMB2"]
[Site "Daventry ENG"]
[Date "2009.05.02"]
[Round "9.4"]
[White "Gooding, Ian"]
[Black "Faulkes, Nick"]
[Result "0-1"]
[WhiteElo "2011"]
[BlackElo "2085"]
[PlyCount "70"]
[EventDate "2009.05.02"]
[EventCountry "ENG"]
[SourceDate "2008.10.04"]

1. e4 c5 2. Nf3 e6 3. d4 cxd4 4. Nxd4 a6 5. Bd3 Bc5 6. Nb3 Be7 7. c4 d6 8. Nc3
Nd7 9. O-O Ngf6 10. Qe2 b6 11. f4 Bb7 12. Be3 Rc8 13. Kh1 h5 14. Rad1 Qc7 15.
Nd2 h4 16. Nf3 h3 17. Ng5 hxg2+ 18. Qxg2 Nc5 19. Bc2 Nh5 20. Kg1 Bf6 21. Bd4
Rh6 22. f5 exf5 23. Rxf5 Bxg5 24. Rxg5 Nf4 25. Qg4 Nh3+ 26. Kf1 Nxg5 27. Qxg5
Ne6 28. Qe3 Nxd4 29. Rxd4 Qc5 30. Nd5 Kf8 31. b4 Qc6 32. Qg5 Re8 33. Bb3 Qd7
34. Rd3 Bxd5 35. exd5 Rf6+ 0-1

[Event "4NCL/Div3/WRO2 vs. CAMB2"]
[Site "Daventry ENG"]
[Date "2009.05.02"]
[Round "9.5"]
[White "Webb, Matthew"]
[Black "Lee, Richard"]
[Result "1-0"]
[WhiteElo "2035"]
[BlackElo "1985"]
[PlyCount "109"]
[EventDate "2009.05.02"]
[EventCountry "ENG"]
[SourceDate "2008.10.04"]

1. e4 c5 2. a3 e6 3. b4 b6 4. bxc5 bxc5 5. Nf3 d6 6. Bb5+ Bd7 7. Qe2 Bxb5 8.
Qxb5+ Qd7 9. Qxd7+ Nxd7 10. Nc3 Rb8 11. a4 Ngf6 12. d3 Be7 13. O-O O-O 14. h3
Rb6 15. Nd2 Rfb8 16. f4 d5 17. Ba3 Ra6 18. e5 Ne8 19. Rfb1 d4 20. Rxb8 Nxb8 21.
Nce4 Rxa4 22. Rb1 Nd7 23. Nc4 Nb6 24. Nxb6 axb6 25. Rxb6 Rxa3 26. Rb8 f6 27.
Rxe8+ Kf7 28. Rc8 Ra2 29. Nd6+ Kg6 30. Re8 Ra7 31. Nc8 Kf7 32. Nxa7 Kxe8 33.
exf6 Bxf6 34. Kf2 Kd7 35. Kf3 Kc7 36. Nb5+ Kc6 37. Na3 Kd5 38. g4 g6 39. Nc4
Bd8 40. g5 Bc7 41. Kg4 Bd8 42. h4 Bc7 43. Nd2 Bd6 44. Ne4 Be7 45. Nf6+ Kd6 46.
Nxh7 Kd7 47. Nf6+ Bxf6 48. gxf6 Ke8 49. h5 gxh5+ 50. Kxh5 Kf7 51. Kg5 Kf8 52.
Kg6 Kg8 53. f7+ Kf8 54. Kf6 e5 55. Kxe5 1-0

[Event "4NCL/Div3/WRO2 vs. CAMB2"]
[Site "Daventry ENG"]
[Date "2009.05.02"]
[Round "9.6"]
[White "Kapadia, Sujit"]
[Black "Whitaker, Thomas R"]
[Result "1/2-1/2"]
[WhiteElo "1915"]
[BlackElo "1995"]
[PlyCount "100"]
[EventDate "2009.05.02"]
[EventCountry "ENG"]
[SourceDate "2008.10.04"]

1. d4 Nf6 2. c4 e5 3. dxe5 Ng4 4. Nf3 Nc6 5. e4 Bc5 6. Be3 Bxe3 7. fxe3 Ngxe5
8. Nc3 d6 9. Be2 Be6 10. Nd5 Nxf3+ 11. Bxf3 Ne5 12. b3 c6 13. Nf4 Qa5+ 14. Qd2
Qxd2+ 15. Kxd2 Ke7 16. h3 g5 17. Ne2 a6 18. Nd4 b5 19. cxb5 axb5 20. Rhc1 Bd7
21. Nf5+ Bxf5 22. exf5 d5 23. Kc3 Kd6 24. Be2 Rhe8 25. Rd1 Nd7 26. Kd2 Re5 27.
Bd3 Nc5 28. g4 Rae8 29. Re1 Nxd3 30. Kxd3 c5 31. a4 c4+ 32. bxc4 dxc4+ 33. Kd2
b4 34. a5 Kc5 35. a6 c3+ 36. Kc2 Kc4 37. Ra4 Ra8 38. Rb1 Rb5 39. a7 Rb7 40.
Rba1 h6 41. f6 Rb6 42. Rd1 Rb7 43. Rd4+ Kc5 44. Ra5+ Kc6 45. Kb3 Raxa7 46. Rxa7
Rxa7 47. Kxb4 c2 48. Rc4+ Kd5 49. Rxc2 Ra6 50. Rc5+ Ke4 1/2-1/2

[Event "4NCL/Div3/LIT1 vs. GUI4"]
[Site "Daventry ENG"]
[Date "2009.05.02"]
[Round "9.1"]
[White "Gormally, Daniel W"]
[Black "Adair, James"]
[Result "1-0"]
[WhiteElo "2487"]
[BlackElo "2098"]
[PlyCount "79"]
[EventDate "2009.05.02"]
[EventCountry "ENG"]
[SourceDate "2008.10.04"]

1. e4 c5 2. Nc3 Nc6 3. Bb5 Nd4 4. Bc4 e6 5. Nge2 Ne7 6. Nxd4 cxd4 7. Ne2 Nc6 8.
d3 Be7 9. O-O O-O 10. a3 f5 11. exf5 Rxf5 12. b4 b5 13. Bb3 a5 14. bxa5 b4 15.
axb4 Bxb4 16. Bb2 Qf6 17. Ba4 Rd5 18. Bxc6 dxc6 19. Ng3 Raxa5 20. Rxa5 Bxa5 21.
Qg4 Bd7 22. Ne4 Qe7 23. Ra1 Rb5 24. Bc1 e5 25. Qf3 Be6 26. Bd2 Qb7 27. Qd1 Bc7
28. h3 h6 29. Qh5 Bf7 30. Qg4 Kh8 31. Kh2 Bd5 32. c4 dxc3 33. Bxc3 Bxe4 34.
dxe4 Rb3 35. Rd1 Bb6 36. Bxe5 Qe7 37. f4 Bf2 38. Rd8+ Kh7 39. Qf5+ g6 40. Rh8#
1-0

[Event "4NCL/Div3/LIT1 vs. GUI4"]
[Site "Daventry ENG"]
[Date "2009.05.02"]
[Round "9.2"]
[White "Shepley, Julien M"]
[Black "Sugden, John N"]
[Result "0-1"]
[WhiteElo "2069"]
[BlackElo "2227"]
[PlyCount "80"]
[EventDate "2009.05.02"]
[EventCountry "ENG"]
[SourceDate "2008.10.04"]

1. d4 Nf6 2. Bg5 c5 3. d5 d6 4. Bxf6 exf6 5. c3 f5 6. e3 g6 7. Ne2 Bg7 8. a4
Nd7 9. Na3 O-O 10. Nc4 Nf6 11. g3 b6 12. Bg2 Ba6 13. Qb3 Qd7 14. Nf4 Rab8 15.
Nd2 Rfe8 16. c4 Ne4 17. Nxe4 fxe4 18. Rc1 Qe7 19. Ne2 Bc8 20. Nc3 f5 21. O-O a6
22. Rfd1 Bd7 23. Bf1 g5 24. Re1 h5 25. Qd1 h4 26. f4 hxg3 27. hxg3 g4 28. Re2
Kf7 29. Rh2 Rh8 30. Rxh8 Bxh8 31. Qc2 Kg6 32. b3 Bf6 33. Re1 Qg7 34. Nd1 b5 35.
axb5 axb5 36. Re2 bxc4 37. bxc4 Rb4 38. Rh2 Ba4 39. Qd2 Rb1 40. Qa2 Ra1 0-1

[Event "4NCL/Div3/LIT1 vs. GUI4"]
[Site "Daventry ENG"]
[Date "2009.05.02"]
[Round "9.3"]
[White "Byron, Alan M"]
[Black "Higgs, Anthony"]
[Result "1-0"]
[WhiteElo "2168"]
[BlackElo "1995"]
[PlyCount "81"]
[EventDate "2009.05.02"]
[EventCountry "ENG"]
[SourceDate "2008.10.04"]

1. c4 d6 2. d4 Nf6 3. Nc3 c6 4. Nf3 Qc7 5. e4 e5 6. Be2 Be7 7. O-O Nbd7 8. d5
Nc5 9. Qc2 a5 10. Be3 O-O 11. Nd2 Bg4 12. f3 Bh5 13. b3 Rfe8 14. Kh1 Bg6 15. a3
h6 16. b4 Ncd7 17. Qb3 Nh5 18. g3 axb4 19. axb4 Rxa1 20. Rxa1 Bg5 21. Nf1 Bxe3
22. Nxe3 Nhf6 23. Kg2 Kh7 24. Kf2 c5 25. b5 Nb6 26. Ra3 Ra8 27. Rxa8 Nxa8 28.
Qa4 Nb6 29. Qa7 Kg8 30. Bf1 Nfd7 31. Bh3 Qb8 32. Qa5 Kf8 33. Na4 Ke8 34. Nxb6
Nxb6 35. Qxb6 Qa8 36. Qxd6 Qa2+ 37. Kg1 Qa1+ 38. Bf1 Qd4 39. Kf2 f6 40. Qe6+
Kf8 41. d6 1-0

[Event "4NCL/Div3/LIT1 vs. GUI4"]
[Site "Daventry ENG"]
[Date "2009.05.02"]
[Round "9.5"]
[White "Compton, Alistair"]
[Black "Hunt, Daniel"]
[Result "1/2-1/2"]
[WhiteElo "2097"]
[BlackElo "1923"]
[PlyCount "58"]
[EventDate "2009.05.02"]
[EventCountry "ENG"]
[SourceDate "2008.10.04"]

1. e4 c5 2. Nc3 Nc6 3. f4 g6 4. Nf3 Bg7 5. Bb5 Nd4 6. O-O Nxb5 7. Nxb5 d6 8. d3
a6 9. Nc3 Nf6 10. Qe1 b6 11. Qh4 Bb7 12. f5 gxf5 13. Bh6 Bxh6 14. Qxh6 Rg8 15.
Rae1 Qd7 16. exf5 O-O-O 17. Ne4 Qxf5 18. Nh4 Qd5 19. Nf5 Rd7 20. Nxe7+ Rxe7 21.
Qxf6 Rd7 22. Rf5 Qc6 23. c4 Qa4 24. Rg5 Rxg5 25. Qxg5 Bxe4 26. Rxe4 Qd1+ 27.
Kf2 Qxd3 28. Qg8+ Kb7 29. Qe8 Rc7 1/2-1/2

[Event "4NCL/Div3/LIT1 vs. GUI4"]
[Site "Daventry ENG"]
[Date "2009.05.02"]
[Round "9.6"]
[White "Bryant, Richard"]
[Black "Jones, Christopher M"]
[Result "1/2-1/2"]
[WhiteElo "1930"]
[BlackElo "1950"]
[PlyCount "81"]
[EventDate "2009.05.02"]
[EventCountry "ENG"]
[SourceDate "2008.10.04"]

1. e4 e5 2. Nc3 Nf6 3. Nf3 Nc6 4. g3 Bc5 5. Bg2 d6 6. O-O a6 7. d3 Bg4 8. h3
Bh5 9. g4 Bg6 10. Bg5 h6 11. Bh4 Qd7 12. a3 Nh7 13. b4 Ba7 14. Nd5 h5 15. g5
Nf8 16. a4 Ne6 17. Bg3 Ne7 18. h4 Nxd5 19. exd5 Nd4 20. Re1 Nxf3+ 21. Qxf3 O-O
22. Qd1 f6 23. Qd2 f5 24. Bh3 Qf7 25. c4 Bd4 26. Ra2 Kh8 27. Bh2 f4 28. Be6 Qe8
29. Kf1 Bf5 30. Bxf5 Rxf5 31. f3 c6 32. dxc6 Qxc6 33. Kg2 d5 34. b5 Qc5 35. Qc2
Rc8 36. Rc1 Be3 37. Rd1 Rff8 38. d4 Qxc4 39. Qxc4 dxc4 40. dxe5 Rfd8 41. Rd6
1/2-1/2

[Event "4NCL/Div3/PPA2 vs. SSC"]
[Site "Daventry ENG"]
[Date "2009.05.02"]
[Round "9.1"]
[White "Goodger, Martyn"]
[Black "Bucher, Grant W"]
[Result "1-0"]
[WhiteElo "2156"]
[BlackElo "1998"]
[PlyCount "99"]
[EventDate "2009.05.02"]
[EventCountry "ENG"]
[SourceDate "2008.10.04"]

1. e4 e5 2. Nf3 Nc6 3. d4 exd4 4. Nxd4 Nf6 5. Nxc6 bxc6 6. e5 Qe7 7. Qe2 Nd5 8.
c4 Nb6 9. Nc3 a5 10. Bd2 Ba6 11. b3 Qe6 12. Qe3 Bb4 13. Bd3 O-O 14. O-O Rae8
15. Rfe1 f6 16. Qe4 f5 17. Qf4 c5 18. Re3 Bb7 19. Rae1 a4 20. Rg3 axb3 21. axb3
Rf7 22. Rg5 g6 23. h4 Nc8 24. h5 Ne7 25. Re3 h6 26. hxg6 hxg5 27. gxf7+ Kxf7
28. Qxg5 Rg8 29. Qh5+ Kf8 30. f3 f4 31. Re1 Nc6 32. Bf5 Qe7 33. e6 Nd4 34. Qh6+
Rg7 35. Qh8+ Rg8 36. Qh6+ Rg7 37. exd7 Nxf3+ 38. Kf2 Nxe1 39. Qh8+ Rg8 40. Qh6+
Rg7 41. Be6 Nd3+ 42. Ke2 Qd8 43. Kxd3 Bc6 44. Qh8+ Ke7 45. Nd5+ Bxd5 46. Qh4+
Kxe6 47. Qxd8 Rxd7 48. Qe8+ Kd6 49. Bxf4+ Kc6 50. cxd5+ 1-0

[Event "4NCL/Div3/PPA2 vs. SSC"]
[Site "Daventry ENG"]
[Date "2009.05.02"]
[Round "9.2"]
[White "Grant, David"]
[Black "Winfridsson, Ola"]
[Result "1/2-1/2"]
[WhiteElo "2033"]
[BlackElo "2122"]
[PlyCount "61"]
[EventDate "2009.05.02"]
[EventCountry "ENG"]
[SourceDate "2008.10.04"]

1. e4 c6 2. d4 d5 3. exd5 cxd5 4. c4 Nf6 5. Nc3 e6 6. Nf3 Bb4 7. Bg5 Nc6 8. Bd3
dxc4 9. Bxc4 O-O 10. O-O Be7 11. a3 b6 12. Qd3 Bb7 13. Rad1 h6 14. Bf4 Bd6 15.
Bxd6 Qxd6 16. d5 exd5 17. Nxd5 Na5 18. Rfe1 Bxd5 19. Bxd5 Qxd5 20. Qxd5 Nxd5
21. Rxd5 Rfd8 22. Rde5 Rd7 23. h3 Rad8 24. Kh2 Nc4 25. R5e2 Kf8 26. Ne5 Nxe5
27. Rxe5 Rd2 28. R1e2 Rxe2 29. Rxe2 Rd3 30. g3 Rb3 31. Kg2 1/2-1/2

[Event "4NCL/Div3/PPA2 vs. SSC"]
[Site "Daventry ENG"]
[Date "2009.05.02"]
[Round "9.3"]
[White "Kemp, Paul R"]
[Black "Michaud, Gerald"]
[Result "1/2-1/2"]
[WhiteElo "2102"]
[BlackElo "2052"]
[PlyCount "42"]
[EventDate "2009.05.02"]
[EventCountry "ENG"]
[SourceDate "2008.10.04"]

1. e4 e6 2. d4 d5 3. exd5 exd5 4. Bd3 Bd6 5. Qf3 Ne7 6. Bg5 f6 7. Bh4 O-O 8.
Ne2 Qd7 9. Bg3 c6 10. Nd2 b6 11. O-O-O Ba6 12. Rde1 Bxd3 13. Qxd3 c5 14. Nf3
Nbc6 15. c3 c4 16. Qd2 Nf5 17. Bxd6 Nxd6 18. Ng3 b5 19. Qc2 Rae8 20. Rxe8 Rxe8
21. Re1 Rxe1+ 1/2-1/2

[Event "4NCL/Div3/PPA2 vs. SSC"]
[Site "Daventry ENG"]
[Date "2009.05.02"]
[Round "9.4"]
[White "Payne, Matthew"]
[Black "Doci, Stefan"]
[Result "0-1"]
[WhiteElo "1865"]
[BlackElo "2064"]
[PlyCount "102"]
[EventDate "2009.05.02"]
[EventCountry "ENG"]
[SourceDate "2008.10.04"]

1. e4 c5 2. Nf3 Nc6 3. Bb5 g6 4. Bxc6 bxc6 5. O-O Bg7 6. Re1 Nf6 7. e5 Nd5 8.
c4 Nb6 9. d4 cxd4 10. c5 Nd5 11. Qxd4 O-O 12. Qh4 Qa5 13. Nbd2 Qxc5 14. Ne4 Qb4
15. Bh6 f6 16. exf6 exf6 17. a3 Qxb2 18. Reb1 Qc2 19. Nd4 Qd3 20. Rd1 Qa6 21.
Nc5 Qb6 22. Ne4 Qc7 23. Rd3 Bxh6 24. Qxh6 Qf4 25. Qxf4 Nxf4 26. Rf3 Nd5 27. Rc1
Rb8 28. h4 f5 29. Nd6 Ba6 30. h5 Rf6 31. Nc4 c5 32. Nb3 Nf4 33. Re3 d5 34. Nxc5
Rc8 35. Nxa6 Rxa6 36. hxg6 Rxg6 37. g3 dxc4 38. Kf1 Nh5 39. Re5 Ng7 40. Re7 Ra6
41. Rc3 Ra4 42. Ke2 Re8 43. Rxe8+ Nxe8 44. Ke3 Nd6 45. Kf4 Ra5 46. Re3 Kf7 47.
g4 fxg4 48. Kxg4 Rc5 49. Rc3 Ne4 50. Rf3+ Nf6+ 51. Kg3 c3 0-1

[Event "4NCL/Div3/PPA2 vs. SSC"]
[Site "Daventry ENG"]
[Date "2009.05.02"]
[Round "9.5"]
[White "McCorry, Robert T"]
[Black "Woods, Tim"]
[Result "1-0"]
[WhiteElo "2045"]
[BlackElo "1900"]
[PlyCount "69"]
[EventDate "2009.05.02"]
[EventCountry "ENG"]
[SourceDate "2008.10.04"]

1. c4 g6 2. Nc3 Bg7 3. g3 d6 4. Bg2 Nc6 5. Nf3 e5 6. e4 f5 7. d3 Nf6 8. Bg5 Be6
9. Qb3 Rb8 10. Nd5 O-O 11. h4 Qd7 12. Bxf6 Bxf6 13. Nxf6+ Rxf6 14. h5 fxe4 15.
dxe4 Na5 16. Qc3 Nxc4 17. Ng5 h6 18. Nxe6 Qxe6 19. Bh3 Qf7 20. hxg6 Rxg6 21.
Rc1 Nb6 22. Qxc7 Rf8 23. Bf5 Rf6 24. g4 Qxc7 25. Rxc7 R8f7 26. Rc3 d5 27. Rch3
dxe4 28. Rxh6 Rxh6 29. Rxh6 Rg7 30. Rg6 Rxg6 31. Bxg6 Na4 32. Bxe4 Nxb2 33.
Bxb7 Nd3+ 34. Ke2 Nc1+ 35. Kd2 1-0